00000000nam##2200000za#4500
0019.695575
003CaOODSP
00520250319164423
007cr |||||||||||
008150407|1999||||xxc|||||o    f|0| 0 eng|d
040 |aCaOODSP|beng
043 |an-cn---
0861 |aH88-3/28-1999E-PDF
1102 |aNational Advisory Council on Aging (Canada)
24510|a1999 and beyond : |h[electronic resource]|bchallenges of an aging Canadian society / |c[issued by] National Advisory Council on Aging.
24610|aChallenges of an aging Canadian society
260 |aOttawa - Ontario : |bHealth Canada. |cc1999.
300 |a77p.|breferences, photographs
500 |aThe catalogue number (H88-3/28-1999E) and ISBN (0-662-27985-9) for the print edition have been incorrectly copied in this electronic publication.
5203 |aCanada can expect to face a major demographic shift - by 2041, 22.6% of the population will be over the age of 65. This paper, by the National Advisory Council on Aging (NACA), provides Canadian policy makers and interested parties with information that will allow them to plan strategically, and take the action necessary to address the needs of an aging population. It emphasizes maximizing the advantages of demographic change, rather than analyzing them from a fiscal or budgetary perspective. Following an overview of this population, the issues and challenges facing public policy makers are examined, and a selection of indicators are included that make it possible to measure development and progress regarding the seniors population.
590 |a12-17-Supp|b2012-04-20
69007|aStatus of the elderly|2gcpds
69007|aAging|2gcpds
69007|aSeniors|2gcpds
77508|t1999 et après : |w(CaOODSP)9.639709
7760#|tChallenges of an aging Canadian society : |w(CaOODSP)9.647399
85640|ahttp://publications.gc.ca|qPDF|s417 KB|uhttps://publications.gc.ca/collections/Collection/H88-3-28-1999E.pdf